Write better, speak better / (Record no. 9851)
[ view plain ]
| 000 -LEADER | |
|---|---|
| fixed length control field | 00763cam a2200265 4500 |
| 001 - CONTROL NUMBER | |
| JCCL Control Number | 9851 |
| 003 - CONTROL NUMBER IDENTIFIER | |
| JCCL marc code | BD-JhCC |
| 005 - DATE AND TIME OF LATEST TRANSACTION | |
| control field | 20200331134008.0 |
| 008 - FIXED-LENGTH DATA ELEMENTS--GENERAL INFORMATION | |
| fixed length control field | 180402s1972 nyu 001 0 eng |
| 035 ## - SYSTEM CONTROL NUMBER | |
| system control number | (BD-JhCC)9851 |
| 040 ## - CATALOGING SOURCE | |
| Original cataloging agency | DLC |
| Transcribing agency | DLC |
| Modifying agency | DLC |
| -- | BD-JhCC |
| 041 ## - LANGUAGE CODE | |
| Language code of Book | eng |
| 050 00 - LIBRARY OF CONGRESS CALL NUMBER | |
| Classification number | PE1408 |
| Item number | .W77 |
| 082 00 - DEWEY DECIMAL CLASSIFICATION NUMBER | |
| Classification number | 808 |
| Author mark and Year | WRI 1972 |
| 245 00 - TITLE STATEMENT | |
| Title | Write better, speak better / |
| Statement of responsibility, etc | Reader's Digest Association |
| 260 ## - PUBLICATION, DISTRIBUTION, ETC. (IMPRINT) | |
| Place of publication, distribution, etc | Pleasantville, N.Y. : |
| Name of publisher, distributor, etc | Reader's Digest Association, |
| Date of publication, distribution, etc | 1972. |
| 300 ## - PHYSICAL DESCRIPTION | |
| Pagination | 730 p. |
| Dimensions | 24 cm. |
| 500 ## - GENERAL NOTE | |
| General note | At head of title: Reader's digest. |
| 650 #0 - SUBJECT ADDED ENTRY--TOPICAL TERM | |
| Topical term or geographic name as entry element | English language |
| General subdivision | Rhetoric. |
| 650 #0 - SUBJECT ADDED ENTRY--TOPICAL TERM | |
| Topical term or geographic name as entry element | English language |
| General subdivision | Usage. |
| 650 #0 - SUBJECT ADDED ENTRY--TOPICAL TERM | |
| Topical term or geographic name as entry element | Public speaking. |
| 710 ## - ADDED ENTRY--CORPORATE NAME | |
| Corporate name or jurisdiction name as entry element | Reader's Digest Association |
| 942 ## - ADDED ENTRY ELEMENTS (KOHA) | |
| Source of classification or shelving scheme | Dewey Decimal Classification |
| Koha item type | Books |
| Koha issues (borrowed), all copies | 2 |
| Source of classification or shelving scheme | Damaged status | Not for loan | Home library | Current library | Shelving location | Date of accession | Total Checkouts | Full call number | Barcode | Date last seen | Date checked out | Copy number | Koha item type |
|---|---|---|---|---|---|---|---|---|---|---|---|---|---|
| Dewey Decimal Classification | JCC Rouf Library | JCC Rouf Library | General Stacks | 04/02/2018 | 2 | 808 WRI 1972 | 13012 | 06/02/2024 | 03/03/2024 | C-1 | Books |